Statistics for FA Cup Quiz

Click here to take the quiz!

General Stats

  • This quiz has been taken 31 times
  • The average score is 4 of 9

Answer Stats

HintAnswer% Correct
Stadiums which usually hosts the semi finals and final?Wembley
87%
Arsenal
87%
Most succcesfull clubs)Manchester United
63%
European tournament winner qualifiers for?Europa league
60%
BT sport
30%
Domestic broadcasters?BBC Sport
20%
Which season was its debut season?1871-72
10%
Organising body?The Football Association
3%
Number of teams competing?736
0%

Score Distribution

Percentile by Number Answered

Percent of People with Each Score

Your Score History

You have not taken this quiz